000 00818cam a22002653a 4500
001 11198
003 PGUSA
005 20140828083234.0
008 040201s2004||||xxu|||||s|||||000 | eng d
040 _aPGUSA
_beng
042 _adc
050 4 _aBP
100 1 _aBecker, Carl Heinrich,
_d1876-1933
245 1 0 _aChristianity and Islam
_h[electronic resource] /
_cCarl Heinrich Becker
260 _bProject Gutenberg,
_c2004
506 _aPublic domain in the USA.
516 _aElectronic text
653 _aChristianity and other religions -- Islam
653 _aIslam -- Relations -- Christianity
700 1 _aChaytor, H. J.
_q(Henry John),
_d1871-1954
740 0 _aChristentum und Islam. English
830 0 _aProject Gutenberg
_v11198
856 4 0 _uhttp://www.gutenberg.org/ebooks/11198
942 _cEB
999 _c240453
_d240453